Jamieson, Fausset, and Brown's commentary on the whole Bible / (Record no. 2184)

MARC details
000 -LEADER
fixed length control field 00938cam a2200277 a 4500
001 - CONTROL NUMBER
control field 2928469
003 - CONTROL NUMBER IDENTIFIER
control field GBCCL
005 - DATE AND TIME OF LATEST TRANSACTION
control field 20241126110421.0
008 - FIXED-LENGTH DATA ELEMENTS--GENERAL INFORMATION
fixed length control field 891023s1990 ilu 000 0 eng
010 ## -
-- 89051747
020 ## - INTERNATIONAL STANDARD BOOK NUMBER
International Standard Book Number 0310265703
040 ## - CATALOGING SOURCE
Original cataloging agency DLC
Transcribing agency DLC
Modifying agency DLC
050 00 -
-- BS491.2
-- .N482 1990
082 00 - DEWEY DECIMAL CLASSIFICATION NUMBER
Classification number 220.7
Edition information 20
Item number JAM
100 ## - MAIN ENTRY--PERSONAL NAME
Personal name Jamieson, Robert
Dates associated with a name 1802-1880.
9 (RLIN) 2504
245 00 - TITLE STATEMENT
Title Jamieson, Fausset, and Brown's commentary on the whole Bible /
Statement of responsibility, etc. Robert Jamieson, A.R. Fausset and David Brown
260 ## - PUBLICATION, DISTRIBUTION, ETC.
Place of publication, distribution, etc. Grand Rapids :
Name of publisher, distributor, etc. Zondervan publishing house,
Date of publication, distribution, etc. c1961.
300 ## - PHYSICAL DESCRIPTION
Extent 1591p. ;
Dimensions 24 cm.
505 0# - FORMATTED CONTENTS NOTE
Formatted contents note formerly titles Commentary on the whole Bible
630 00 - SUBJECT ADDED ENTRY--UNIFORM TITLE
Uniform title Bible
General subdivision Commentaries.
9 (RLIN) 1243
700 1# - ADDED ENTRY--PERSONAL NAME
Personal name Fausset, A. R.
9 (RLIN) 4464
700 1# - ADDED ENTRY--PERSONAL NAME
Personal name Brown, David
9 (RLIN) 4465
906 ## - LOCAL DATA ELEMENT F, LDF (RLIN)
a 7
b cbc
c orignew
d 3
e ocip
f 19
g y-gencatlg
942 ## - ADDED ENTRY ELEMENTS (KOHA)
Source of classification or shelving scheme Dewey Decimal Classification
Koha item type Reference Books
Holdings
Withdrawn status Lost status Source of classification or shelving scheme Damaged status Not for loan Home library Current Library Shelving location Date acquired Total checkouts Full call number Barcode Date last seen Copy number Price effective from Koha item type
    Dewey Decimal Classification     GRACE BIBLE COLLEGE GRACE BIBLE COLLEGE Commentary 2017-07-11   220.7 JAM 009908 2025-05-01 c.1 2017-07-11 Reference Books
© Grace Bible College Library 2025